Ecology : principles and applications (Record no. 86705)

MARC details
000 -LEADER
fixed length control field 01188nam a2200325 a 4500
003 - CONTROL NUMBER IDENTIFIER
control field CBULib
005 - DATE AND TIME OF LATEST TRANSACTION
control field 20260515095754.0
008 - FIXED-LENGTH DATA ELEMENTS--GENERAL INFORMATION
fixed length control field 120416s1992 ||||||||||||||||| || u
020 ## - INTERNATIONAL STANDARD BOOK NUMBER
International Standard Book Number 0521389518
040 ## - CATALOGING SOURCE
Language of cataloging English
Transcribing agency CBULib
Description conventions rda
050 ## - LIBRARY OF CONGRESS CALL NUMBER
Classification number QH 541 Cha
100 ## - MAIN ENTRY--PERSONAL NAME
Personal name Chapman, J. L.
9 (RLIN) 5492
245 10 - TITLE STATEMENT
Title Ecology : principles and applications
Statement of responsibility, etc / by J. L. Chapman and M. J. Reiss
250 ## - EDITION STATEMENT
Edition statement Low price
260 ## - PUBLICATION, DISTRIBUTION, ETC. (IMPRINT)
Place of publication, distribution, etc Cambridge :
Name of publisher, distributor, etc Cambridge University Press,
Date of publication, distribution, etc 1992
300 ## - PHYSICAL DESCRIPTION
Extent ix, 294 pages : illustrations
336 ## - CONTENT TYPE
Source rdacontent
Content type term Text |
Content type code txt
337 ## - MEDIA TYPE
Source rdamedia
Media type term Unmediated |
Media type code n
338 ## - CARRIER TYPE
Source rdacarrier
Carrier type term Volume
Carrier type code nc
650 #0 - SUBJECT ADDED ENTRY--TOPICAL TERM
Topical term or geographic name as entry element ECOLOGY
9 (RLIN) 5493
700 ## - ADDED ENTRY--PERSONAL NAME
Personal name Reiss, M. J.
9 (RLIN) 5494
942 ## - ADDED ENTRY ELEMENTS (KOHA)
Source of classification or shelving scheme
Koha item type MONOGRAPH
Holdings
Withdrawn status Lost status Source of classification or shelving scheme Damaged status Not for loan Collection code Permanent Location Current Location Shelving location Date acquired Inventory number Total Checkouts Full call number Barcode Date last seen Date checked out Price effective from Koha item type
          Main Library Open Access Collection CBU-MAIN LIBRARY, KITWE. CBU-MAIN LIBRARY, KITWE. General Stacks 05/15/2026 730863 1 QH 541 Cha 028005 05/26/2026 05/15/2026 05/15/2026 MONOGRAPH
          Main Library Open Access Collection CBU-MAIN LIBRARY, KITWE. CBU-MAIN LIBRARY, KITWE. General Stacks 05/15/2026 736238   QH 541 Cha 38986 05/15/2026   05/15/2026 MONOGRAPH
          BINDERY (DAMAGED) CBU-MAIN LIBRARY, KITWE. CBU-MAIN LIBRARY, KITWE. General Stacks 05/15/2026 731819   QH 541 Cha 029214 05/15/2026   05/15/2026 MONOGRAPH
          BINDERY (DAMAGED) CBU-MAIN LIBRARY, KITWE. CBU-MAIN LIBRARY, KITWE. General Stacks 05/15/2026 730862   QH 541 Cha 028006 05/15/2026   05/15/2026 MONOGRAPH
          Main Library Open Access Collection CBU-MAIN LIBRARY, KITWE. CBU-MAIN LIBRARY, KITWE. General Stacks 05/15/2026 731731   QH 541 Cha 029310 05/15/2026   05/15/2026 MONOGRAPH
          Main Library Open Access Collection CBU-MAIN LIBRARY, KITWE. CBU-MAIN LIBRARY, KITWE. General Stacks 05/15/2026 743542   QH 541 Cha 743542 05/15/2026   05/15/2026 MONOGRAPH
          Main Library Open Access Collection CBU-MAIN LIBRARY, KITWE. CBU-MAIN LIBRARY, KITWE. General Stacks 05/15/2026 743543   QH 541 Cha 743543 05/15/2026   05/15/2026 MONOGRAPH